Of mice and men

Η πορεία και η δοκιμασία της φιλίας δύο ανδρών, που ο ένας είναι διανοητικά καθυστερημένος, κι έκθετος στην κακία των άλλων.

Αποθηκεύτηκε σε:
Λεπτομέρειες βιβλιογραφικής εγγραφής
Άλλοι συγγραφείς: Sinise, Gary (Διευθυντής, Ηθοποιός), Malkovich, John (Ηθοποιός)
Μορφή: Διαφάνειες
Γλώσσα:English
Multiple
Δημοσίευση: [S.l.] : MGM Home Entertainment, c2003.
Θέματα:
Ετικέτες: Προσθήκη ετικέτας
Δεν υπάρχουν, Καταχωρήστε ετικέτα πρώτοι!

MARC

LEADER 00000cgm a2200000 i 4500
001 1/1869
008 091006s2003 xx ||| | || ||eng||
035 |l 10105764 
040 |a GR-MyUa  |b gre  |e AACR2 
041 0 |a eng  |j mul 
082 7 |a 791.437   |2 (22) 
245 0 0 |a Of mice and men   |h [μαγνητοσκόπηση] /   |c directed by Gary Sinise. 
260 |a [S.l.] :   |b MGM Home Entertainment,   |c c2003. 
300 |a 1 βιντεοδίσκος (110 λεπτ.) :   |b ομίλ., έγχρ. ;   |c 4 3/4 ίν. 
500 |a Κυκλοφόρησε πρώτη φορά ως κινηματογραφική ταινία το 1992. 
508 |a Βασισμένο στο μυθιστόρημα του John Steinveck ; μουσική, Mark Isham ; σχεδίαση παραγωγής, David Gropman ; διεύθυνση φωτογραφίας, Kenneth MacMillan ; εκτέλεση παραγωγής, Alan C. Blomquist ; σενάριο, Horton Foote ; παραγωγή, Russ Smith και Gary Sinise. 
511 0 |a John Malkovich, Gary Sinise, Casey Siemaszko. 
520 8 |a Η πορεία και η δοκιμασία της φιλίας δύο ανδρών, που ο ένας είναι διανοητικά καθυστερημένος, κι έκθετος στην κακία των άλλων. 
546 |a Στα αγγλικά με υπότιτλους στα ελληνικά. 
650 0 |a People with mental disabilities  |v Drama. 
650 0 |a Male friendship  |v Drama. 
655 7 |a Feature films  |2 lcgft 
700 1 |a Sinise, Gary,  |e drt  |e act 
700 1 |a Malkovich, John,  |e act 
852 |a INST  |b SYROS  |c AV  |e 20091006  |h 791.437 SIN  |p 005500008182  |q 005500008182  |t DVD  |y 23 
901 |a BIBL5-2008-1 
922 |a 5ΕΛΗ  |b 200709  |c Βιβλιοθήκη Σύρου  |d Anaco 
970 |a Κοντού  |b Παρασκευή  |z 06/10/2009